Music Quiz

Random Music or Song Quiz
Score 0/39 Timer 07:00
0 Plays Today
Hint Answer % Correct
Gang Signs & PrayersShut Up
90%
Heavy Is The HeadCrown
80%
Heavy Is The HeadVossi Bop
80%
Gang Signs & PrayersBig For Your Boots
70%
Heavy Is The HeadAudacity
70%
Heavy Is The HeadWiley Flow
70%
Heavy Is The HeadOwn It
66.7%
Heavy Is The HeadPop Boy
56.7%
Gang Signs & PrayersCold
53.3%
Heavy Is The HeadRainfall
53.3%
Heavy Is The HeadRachael's Little Brother
50%
Heavy Is The HeadLessons
50%
Gang Signs & PrayersBlinded By Your Grace, Pt.1
46.7%
Gang Signs & PrayersBlinded By Your Grace, Pt. 2
46.7%
Heavy Is The HeadSuperheroes
46.7%
Gang Signs & PrayersCigarettes and Cush
43.3%
Gang Signs & PrayersFirst Things First
40%
Heavy Is The HeadHandsome
40%
Heavy Is The HeadDo Better
40%
Heavy Is The HeadBronze
40%
Hint Answer % Correct
Heavy Is The HeadDon't Forget to Breathe
36.7%
Gang Signs & Prayers100 Bags
33.3%
Gang Signs & PrayersMr Skeng
30%
Heavy Is The HeadBig Micheal
30%
Heavy Is The HeadOne Second
30%
Gang Signs & PrayersBad Boys
26.7%
Gang Signs & PrayersVelvet / Jenny Francis - Interlude
26.7%
Gang Signs & PrayersReturn Of The Rucksack
26.7%
Gang Signs & Prayers21 Gun Salute
23.3%
Gang Signs & PrayersDon't Cry For Me
16.7%
Gang Signs & PrayersCrazy Titch - Interlude
16.7%
Gang Signs & PrayersLay Me Bare
13.3%
Dreamers DiseaseIntro
10%
Dreamers DiseaseNot That Deep
10%
Dreamers DiseaseDreamers Disease
10%
Dreamers DiseaseStorm Trooper
10%
Dreamers DiseaseForever
6.7%
Dreamers DiseaseNo Way
6.7%
Dreamers DiseaseJupa
6.7%
Remove Ads.
Support Sporcle.
Get the best of Sporcle when you Go Orange. This ad-free experience offers more features, more stats, and more fun while also helping to support Sporcle. Thank you for becoming a member.

You're not logged in!

Compare scores with friends on all Sporcle quizzes.
OR
Log In

Sporcle TV

Today on Sporcle TV


Watch our educational content, quiz creation guides, and fun videos on Sporcle TV.

Show Comments

Extras

Created May 14, 2020ReportNominate
Tags:Song Quiz

Top Quizzes Today


Score Distribution

Paid Content

Your Account Isn't Verified!

In order to create a playlist on Sporcle, you need to verify the email address you used during registration. Go to your Sporcle Settings to finish the process.

Report this User

Report this user for behavior that violates our Community Guidelines.

Details: